[Event "XLI Corsicoscacchi B"]
[Site "Corsico ITA"]
[Date "2009.10.02"]
[Round "1"]
[White "Lancianese, Giuseppe"]
[Black "Pasquotto, Mirko"]
[Result "0-1"]
[WhiteElo "1782"]
[BlackElo "1933"]
[PlyCount "74"]
[EventDate "2009.10.02"]

1. d4 Nf6 2. Nf3 g6 3. g3 Bg7 4. Bg2 O-O 5. O-O d6 6. Nc3 Nbd7 7. b3 e5 8. dxe5
Nxe5 9. Nxe5 dxe5 10. Bb2 Qe7 11. e4 Rd8 12. Qe1 Be6 13. Rd1 Rxd1 14. Nxd1 Qc5
15. c4 Rd8 16. Qe3 Qd6 17. h3 a5 18. Bc3 a4 19. Nb2 a3 20. Nd1 Nd7 21. f3 Nb8
22. Nf2 Nc6 23. Rd1 Nd4 24. Nd3 c5 25. Kf1 b5 26. cxb5 Qb6 27. Bxd4 Rxd4 28.
Ke1 Qxb5 29. Bf1 Qa5+ 30. Qd2 Qd8 31. Qc3 c4 32. Nf2 cxb3 33. axb3 Bf8 34. Bc4
Bxc4 35. bxc4 Rxd1+ 36. Nxd1 a2 37. Ne3 Bb4 0-1

[Event "XLI Corsicoscacchi B"]
[Site "Corsico ITA"]
[Date "2009.10.02"]
[Round "1"]
[White "Nardone, Massimo"]
[Black "Largo, Jacopo"]
[Result "1-0"]
[WhiteElo "1932"]
[BlackElo "1777"]
[PlyCount "106"]
[EventDate "2009.10.02"]

1. d4 Nf6 2. Nf3 d5 3. e3 g6 4. Nbd2 Bf5 5. Be2 Bg7 6. O-O O-O 7. Ne5 Nbd7 8.
Ndf3 c5 9. Nxd7 Nxd7 10. Bd3 Bg4 11. h3 Bxf3 12. Qxf3 e6 13. c3 a6 14. a4 Qa5
15. Rd1 b5 16. b4 cxb4 17. cxb4 Qb6 18. axb5 axb5 19. Bd2 Rfc8 20. Qe2 Nf6 21.
Bxb5 Ne4 22. Rxa8 Rxa8 23. Be1 Rc8 24. Qd3 Nd6 25. Ba6 Ra8 26. b5 Rb8 27. Rb1
Bf8 28. Qc2 Nc4 29. Qa4 Be7 30. Bb4 Bxb4 31. Qxb4 Nd6 32. Qc5 Kg7 33. Qc2 Qa5
34. Qe2 Ne4 35. Rb2 Nc3 36. Qd2 Qa1+ 37. Kh2 Ne4 38. Qc2 Qa5 39. Qb1 Nxf2 40.
Rxf2 Qxa6 41. bxa6 Rxb1 42. Ra2 Rb8 43. Kg3 Kf6 44. e4 dxe4 45. a7 Ra8 46. Kf4
Ke7 47. Kxe4 Kd7 48. d5 exd5+ 49. Kxd5 Kc7 50. Ke5 Kd7 51. Kf6 Ke8 52. Re2+ Kf8
53. Rb2 Ke8 1-0

[Event "XLI Corsicoscacchi B"]
[Site "Corsico ITA"]
[Date "2009.10.02"]
[Round "1"]
[White "Reale, Simone"]
[Black "Gavioli, Fabrizio"]
[Result "1-0"]
[WhiteElo "1872"]
[BlackElo "1716"]
[PlyCount "83"]
[EventDate "2009.10.02"]

1. d4 Nf6 2. c4 g6 3. Nc3 d5 4. cxd5 Nxd5 5. e4 Nxc3 6. bxc3 Bg7 7. Bc4 O-O 8.
Be3 c5 9. Ne2 Nc6 10. O-O cxd4 11. cxd4 Qa5 12. Rc1 Bg4 13. f3 Bc8 14. Bb3 Rd8
15. d5 e6 16. Rc5 Qa3 17. Qc2 exd5 18. exd5 Bf5 19. Qd2 Bf8 20. Rfc1 Ne5 21.
Ra5 Qd6 22. Bc5 Qb8 23. Bxf8 Rxf8 24. Ng3 Qd6 25. Nxf5 gxf5 26. Rac5 Qg6 27.
Qc3 Qd6 28. Rc7 Rab8 29. Qd4 a6 30. R7c2 f6 31. Re1 Rbe8 32. Rce2 Kf7 33. f4
Ng6 34. Re6 Rxe6 35. Rxe6 Qd8 36. d6 Kg7 37. d7 Ne7 38. Qd6 Rf7 39. Re3 Ng6 40.
Bxf7 Kxf7 41. Qe6+ Kg7 42. Qe8 1-0

[Event "XLI Corsicoscacchi B"]
[Site "Corsico ITA"]
[Date "2009.10.02"]
[Round "1"]
[White "Rossini, Luca"]
[Black "Bisignano, Riccardo"]
[Result "1/2-1/2"]
[WhiteElo "1745"]
[BlackElo "1908"]
[PlyCount "34"]
[EventDate "2009.10.02"]

1. d4 d5 2. c4 e6 3. Nc3 c6 4. e3 Nf6 5. Nf3 Nbd7 6. Bd3 Qc7 7. O-O Be7 8. Qc2
a6 9. cxd5 exd5 10. e4 dxe4 11. Nxe4 Nxe4 12. Bxe4 Nf6 13. Re1 O-O 14. d5 Bb4
15. Bd2 Bxd2 16. Qxd2 Nxe4 17. Rxe4 cxd5 1/2-1/2

[Event "XLI Corsicoscacchi B"]
[Site "Corsico ITA"]
[Date "2009.10.03"]
[Round "2"]
[White "Bernasconi, Roberto"]
[Black "Cerioni, Armando"]
[Result "1/2-1/2"]
[WhiteElo "1928"]
[BlackElo "1987"]
[PlyCount "74"]
[EventDate "2009.10.02"]

1. e4 c5 2. Nf3 Nc6 3. Bb5 g6 4. O-O Bg7 5. c3 Nf6 6. Re1 O-O 7. d4 cxd4 8.
cxd4 d5 9. e5 Ne8 10. h3 Nc7 11. Bf1 f6 12. exf6 exf6 13. Nc3 Be6 14. Bf4 Bf7
15. Qd2 Ne6 16. Nb5 Nxf4 17. Qxf4 Kh8 18. Nc7 Rc8 19. Ne6 Bxe6 20. Rxe6 Qd7 21.
Rae1 Rce8 22. Rxe8 Rxe8 23. Rxe8+ Qxe8 24. Qd6 Qd8 25. Qe6 Ne7 26. Bb5 h6 27.
Ba4 Qc7 28. Bb3 f5 29. g3 Qd8 30. Ne5 Bxe5 31. Qxe5+ Kg8 32. Qe6+ Kg7 33. Kg2
Kf8 34. Qf6+ Kg8 35. Qe6+ Kf8 36. Qf6+ Kg8 37. Qe6+ Kf8 1/2-1/2

[Event "XLI Corsicoscacchi B"]
[Site "Corsico ITA"]
[Date "2009.10.03"]
[Round "2"]
[White "Bisignano, Riccardo"]
[Black "Napoli, Ferdinando"]
[Result "0-1"]
[WhiteElo "1908"]
[BlackElo "1744"]
[PlyCount "74"]
[EventDate "2009.10.02"]

1. e4 c5 2. Nc3 Nc6 3. g3 g6 4. Bg2 Bg7 5. d3 d6 6. Be3 Nf6 7. h3 O-O 8. f4 a6
9. Nf3 Rb8 10. O-O Qc7 11. g4 e6 12. Qe1 b5 13. a3 Re8 14. Qh4 b4 15. axb4 Rxb4
16. Rab1 Qb8 17. Ng5 h6 18. Nxf7 Kxf7 19. e5 d5 20. exf6 Bxf6 21. g5 Bxc3 22.
bxc3 Rxb1 23. gxh6 Rxf1+ 24. Bxf1 Bd7 25. Bxc5 Qd8 26. Qg3 Qf6 27. d4 a5 28.
Bb5 Rb8 29. Ba4 Rb1+ 30. Kh2 Qf5 31. Bd6 Qe4 32. Qg2 Qxg2+ 33. Kxg2 Ra1 34.
Bxc6 Bxc6 35. Be5 Kg8 36. c4 dxc4+ 37. Kf2 Ra2 0-1

[Event "XLI Corsicoscacchi B"]
[Site "Corsico ITA"]
[Date "2009.10.03"]
[Round "2"]
[White "Carbone, Lorenzo"]
[Black "Clerici, Samuele"]
[Result "0-1"]
[WhiteElo "1812"]
[BlackElo "1776"]
[PlyCount "176"]
[EventDate "2009.10.02"]

1. e4 e5 2. Nf3 Nc6 3. Bb5 a6 4. Ba4 Nf6 5. O-O d6 6. h3 Nxe4 7. c3 Nf6 8. Re1
Be7 9. Bc2 O-O 10. a3 h6 11. d4 exd4 12. cxd4 d5 13. Nbd2 Be6 14. Nf1 Bd6 15.
Be3 Qc8 16. Rc1 Bf5 17. Nh4 Bxc2 18. Qxc2 Ne7 19. Re2 c6 20. Rce1 Ne4 21. Qd3
Nf5 22. Nxf5 Qxf5 23. Qb3 Qd7 24. Qc2 f5 25. f4 Qc7 26. Qc1 Be7 27. g3 Bf6 28.
Rg2 Rae8 29. Qd1 Re6 30. Qh5 Bd8 31. b4 Qf7 32. Qxf7+ Rxf7 33. a4 Nc3 34. a5
Nb5 35. Rge2 Bf6 36. Bf2 Rxe2 37. Rxe2 Bxd4 38. Nd2 Bxf2+ 39. Kxf2 Nc3 40. Re8+
Kh7 41. Nf3 Ne4+ 42. Kg2 Nd6 43. Re5 Nc4 44. Re6 Rd7 45. Nd4 g6 46. Re8 Nd6 47.
Re5 Nb5 48. Ne6 Kg8 49. Nc5 Rf7 50. Re6 Kg7 51. Nd3 Nc7 52. Rd6 Ne8 53. Re6 Kf8
54. Ne5 Rg7 55. Kf3 Nc7 56. Rd6 Ke7 57. Rd7+ Kf6 58. Rd8 Ne6 59. Rd6 g5 60. h4
gxf4 61. gxf4 Rc7 62. Ke3 Ke7 63. Rxe6+ Kxe6 64. Kd4 Rg7 65. Nd3 Kd6 66. Nc5
Re7 67. Kd3 Kc7 68. Kd4 Re4+ 69. Kd3 Rxb4 70. Ne6+ Kd6 71. Ng7 Rxf4 72. Ke3
Re4+ 73. Kd3 Ke5 74. h5 Kf6 75. Ne8+ Rxe8 76. Kd4 Re4+ 77. Kc5 Rc4+ 78. Kb6
Rb4+ 79. Kc5 Rb5+ 80. Kd4 Kg5 81. Ke3 Rb4 82. Kf3 Re4 83. Kg3 d4 84. Kf3 d3 85.
Kf2 d2 86. Kg2 d1=Q 87. Kf2 Qd2+ 88. Kf3 Re3# 0-1

[Event "XLI Corsicoscacchi B"]
[Site "Corsico ITA"]
[Date "2009.10.03"]
[Round "2"]
[White "Cardani, Roberto"]
[Black "Gobbo, Francesco"]
[Result "1-0"]
[WhiteElo "1943"]
[BlackElo "1923"]
[PlyCount "73"]
[EventDate "2009.10.02"]

1. e4 c6 2. d4 d5 3. Nc3 dxe4 4. Nxe4 Bf5 5. Ng3 Bg6 6. h4 h6 7. Nf3 Nf6 8. Ne5
Bh7 9. Bd3 Bxd3 10. Qxd3 e6 11. Bd2 Nbd7 12. f4 Qc7 13. O-O-O Be7 14. Rdf1 Rf8
15. f5 Nxe5 16. dxe5 Nd7 17. fxe6 Nxe5 18. exf7+ Rxf7 19. Qb3 Rxf1+ 20. Rxf1
O-O-O 21. Nf5 Bf6 22. Qe6+ Qd7 23. Qxd7+ Rxd7 24. Bc3 Rd5 25. g3 h5 26. Ne3 Rd6
27. Rf5 Nd7 28. Rxh5 Bxc3 29. bxc3 Rg6 30. Nf5 Rg4 31. Rh8+ Kc7 32. h5 Rg5 33.
g4 Rxg4 34. Rg8 Rg5 35. Nxg7 Rg1+ 36. Kb2 Kd6 37. Nf5+ 1-0

[Event "XLI Corsicoscacchi B"]
[Site "Corsico ITA"]
[Date "2009.10.03"]
[Round "2"]
[White "Ganci, Stefano"]
[Black "Rossini, Luca"]
[Result "1-0"]
[WhiteElo "1899"]
[BlackElo "1745"]
[PlyCount "111"]
[EventDate "2009.10.02"]

1. b4 Nf6 2. Bb2 e6 3. b5 d5 4. e3 c5 5. Nf3 Nbd7 6. c4 Nb6 7. cxd5 exd5 8. a4
Be7 9. a5 Nbd7 10. d3 O-O 11. Be2 Re8 12. O-O Bd6 13. Qc2 Nf8 14. Nbd2 Bd7 15.
Qb3 d4 16. e4 b6 17. axb6 axb6 18. Nc4 Be6 19. Rxa8 Qxa8 20. Ra1 Bxc4 21. Qxc4
Qb7 22. Qa2 Qd7 23. Qc4 Ne6 24. Bc1 Nf4 25. Bxf4 Bxf4 26. Bd1 Qb7 27. Ra6 Ra8
28. Qa2 Rxa6 29. Qxa6 Qb8 30. g3 Bc7 31. Bb3 Nd7 32. Bd5 Ne5 33. Ne1 h6 34. h3
Nd7 35. Kg2 Nf6 36. Bc4 Kf8 37. Nf3 Nd7 38. Nd2 Ne5 39. f4 Nxc4 40. Nxc4 f6 41.
h4 g5 42. hxg5 hxg5 43. Kf3 Kg7 44. Qa2 gxf4 45. gxf4 Bxf4 46. Qg2+ Bg5 47. Qg3
Qxg3+ 48. Kxg3 f5 49. exf5 Bd8 50. Kf4 Kf6 51. Ke4 Ke7 52. Kd5 Kd7 53. Ne5+ Kc7
54. Ke6 Kc8 55. f6 Bxf6 56. Kxf6 1-0

[Event "XLI Corsicoscacchi B"]
[Site "Corsico ITA"]
[Date "2009.10.03"]
[Round "2"]
[White "Guzzetti, Luigi Enrico"]
[Black "Nardone, Massimo"]
[Result "0-1"]
[WhiteElo "1863"]
[BlackElo "1932"]
[PlyCount "84"]
[EventDate "2009.10.02"]

1. e4 c5 2. Nf3 Nc6 3. d4 cxd4 4. Nxd4 Nf6 5. Nc3 e5 6. Nb3 Bb4 7. Bd3 Bxc3+ 8.
bxc3 h6 9. O-O O-O 10. Ba3 d6 11. Qe2 Be6 12. Rad1 Qc7 13. Rd2 Rfd8 14. Rfd1 d5
15. h3 Rac8 16. Bb2 Ne7 17. Kh2 dxe4 18. Bxe4 Rxd2 19. Rxd2 Nxe4 20. Qxe4 f5
21. Qe1 Nd5 22. c4 e4+ 23. g3 Qxc4 24. Qa1 e3 25. fxe3 Nxe3 26. Rf2 Nxc2 27.
Qd1 Nb4 28. Rd2 Nc6 29. Rd6 Re8 30. Rd2 Qb4 31. Nc1 Qf8 32. Nd3 Qf7 33. Nf4
Bxa2 34. Bxg7 Bb3 35. Qf3 Kxg7 36. Qc3+ Kg8 37. Rd6 Ne5 38. Rxh6 Bc4 39. Nh5
Re6 40. Rxe6 Qxe6 41. Nf4 Qd6 42. Nh5 Qd2+ 0-1

[Event "XLI Corsicoscacchi B"]
[Site "Corsico ITA"]
[Date "2009.10.03"]
[Round "2"]
[White "Libutti, Michele"]
[Black "Brociner, Beniamino"]
[Result "0-1"]
[WhiteElo "1813"]
[BlackElo "1725"]
[PlyCount "111"]
[EventDate "2009.10.02"]

1. d4 Nf6 2. c4 e6 3. Nc3 Bb4 4. e3 c5 5. Bd3 d5 6. cxd5 Nxd5 7. Bd2 cxd4 8.
exd4 O-O 9. Nf3 b6 10. O-O Bxc3 11. bxc3 Bb7 12. Bxh7+ Kxh7 13. Ng5+ Kg8 14.
Qf3 Qe7 15. Qh3 Nf6 16. f4 Qd6 17. f5 exf5 18. Rxf5 Nbd7 19. Raf1 Rfd8 20. Qh8+
Kxh8 21. Nxf7+ Kg8 22. Nxd6 Be4 23. Rg5 Bd5 24. Nf5 Be6 25. Nxg7 Ne4 26. Nxe6+
Nxg5 27. Nxd8 Ne4 28. Bf4 Rxd8 29. c4 Rf8 30. g3 Nc3 31. Kg2 Re8 32. Kf3 a5 33.
Rc1 Nxa2 34. Ra1 Nb4 35. h4 Nc2 36. Rd1 Rc8 37. Ke2 Rxc4 38. Kd3 Rc6 39. h5
Nb4+ 40. Ke4 Nf6+ 41. Ke5 Nxh5 42. d5 Rc5 43. Be3 Rb5 44. g4 Ng7 45. g5 Ne8 46.
Ke4 Nd6+ 47. Ke5 Nc4+ 48. Ke4 Nxe3 49. Kxe3 Nxd5+ 50. Kd4 Nb4 51. Rg1 Kg7 52.
Kc4 Rf5 53. g6 Rf6 54. Kb5 Rxg6 55. Rb1 Kf7 56. Rb2 0-1

[Event "XLI Corsicoscacchi B"]
[Site "Corsico ITA"]
[Date "2009.10.03"]
[Round "2"]
[White "Pasquotto, Mirko"]
[Black "D'Urbino, Ilan"]
[Result "0-1"]
[WhiteElo "1933"]
[BlackElo "1679"]
[PlyCount "84"]
[EventDate "2009.10.02"]

1. d4 Nf6 2. c4 g6 3. Nc3 Bg7 4. e4 O-O 5. Nf3 d6 6. Be2 e5 7. O-O Nc6 8. d5
Ne7 9. Ne1 Nd7 10. Be3 f5 11. f3 f4 12. Bf2 a5 13. a4 g5 14. Nd3 b6 15. Be1 Rf6
16. b4 axb4 17. Nb5 Nc5 18. Bxb4 Rh6 19. Nf2 Na6 20. Bc3 Kh8 21. a5 Qg8 22.
axb6 cxb6 23. Bb4 Bd7 24. Bxd6 Nc8 25. Bb4 Rg6 26. c5 bxc5 27. Bxc5 Rb8 28.
Rxa6 Rxa6 29. Nd6 Ra5 30. Nxc8 Rxc5 31. Ne7 Qf8 32. d6 Rb4 33. Nd3 Rd4 34. Qb3
Rb5 35. Qa3 Qb8 36. Ra1 Bf8 37. Nc5 Rb1+ 38. Rxb1 Qxb1+ 39. Kf2 Rxd6 40. Nxd7
Bxe7 41. Nxe5 Qb6+ 42. Kf1 Rd1+ 0-1

[Event "XLI Corsicoscacchi B"]
[Site "Corsico ITA"]
[Date "2009.10.03"]
[Round "2"]
[White "Priori, Luigi"]
[Black "Arena, Piermario"]
[Result "0-1"]
[WhiteElo "1798"]
[BlackElo "1900"]
[PlyCount "64"]
[EventDate "2009.10.02"]

1. d4 d5 2. c4 e5 3. dxe5 d4 4. a3 Nc6 5. e3 dxe3 6. Qxd8+ Kxd8 7. f4 Nd4 8.
Kd1 Nb3 9. Ra2 Bc5 10. Ne2 Nh6 11. h3 Be6 12. Nec3 c6 13. g4 Ke7 14. Kc2 Nxc1
15. Kxc1 f5 16. g5 Nf7 17. Be2 g6 18. b3 h6 19. gxh6 Rxh6 20. Bf3 g5 21. fxg5
Nxg5 22. Bg2 Rah8 23. Ne2 Nxh3 24. Nbc3 Nf2 25. Rxh6 Rxh6 26. Nf4 Ng4 27. Nce2
Nxe5 28. b4 Bxc4 29. Rc2 Bxe2 30. Rxc5 Nd3+ 31. Nxd3 Bxd3 32. Re5+ Re6 0-1

[Event "XLI Corsicoscacchi B"]
[Site "Corsico ITA"]
[Date "2009.10.03"]
[Round "2"]
[White "Ragoso, Mario"]
[Black "Bisignano, Giuseppe"]
[Result "1/2-1/2"]
[WhiteElo "1770"]
[BlackElo "1939"]
[PlyCount "73"]
[EventDate "2009.10.02"]

1. d4 d5 2. c4 e6 3. Nc3 Nf6 4. Bg5 Nbd7 5. e3 h6 6. Bh4 Be7 7. Nf3 O-O 8. Rc1
a6 9. Bd3 dxc4 10. Bxc4 b5 11. Bd3 Bb7 12. O-O c5 13. Bb1 Rc8 14. Ne5 Nxe5 15.
dxe5 Nd7 16. Qd3 g6 17. Bxe7 Qxe7 18. f4 Rfd8 19. Qe2 Nb6 20. Be4 b4 21. Bxb7
Qxb7 22. Nd1 c4 23. Rf3 Rd7 24. Rh3 Kg7 25. Qe1 Rcd8 26. Nf2 Rd2 27. e4 Rxb2
28. Ng4 h5 29. Qh4 Rdd2 30. Qf6+ Kg8 31. Nh6+ Kh7 32. Rg3 Qd7 33. h4 c3 34.
Nxf7 Rxg2+ 35. Rxg2 Rxg2+ 36. Kxg2 Qd2+ 37. Kg1 1/2-1/2

[Event "XLI Corsicoscacchi B"]
[Site "Corsico ITA"]
[Date "2009.10.03"]
[Round "3"]
[White "Arena, Piermario"]
[Black "Ganci, Stefano"]
[Result "0-1"]
[WhiteElo "1900"]
[BlackElo "1899"]
[PlyCount "60"]
[EventDate "2009.10.02"]

1. e4 e5 2. Nf3 Nc6 3. Bc4 Bc5 4. O-O Nf6 5. d4 Bxd4 6. Nxd4 Nxd4 7. f4 Nc6 8.
fxe5 Nxe5 9. Bb3 d6 10. Bg5 Qe7 11. Nc3 c6 12. Qd2 Be6 13. Qf4 Bxb3 14. axb3 h6
15. Bxf6 gxf6 16. Qxf6 Qxf6 17. Rxf6 Ke7 18. Rff1 Rhg8 19. Ne2 Rg6 20. Nf4 Rg5
21. h3 a6 22. Rad1 Rag8 23. Rd2 h5 24. Rfd1 Nf3+ 25. Kh1 Nxd2 26. Rxd2 h4 27.
Re2 Ra5 28. Kg1 Ra1+ 29. Kf2 Rg5 30. c4 Rd1 0-1

[Event "XLI Corsicoscacchi B"]
[Site "Corsico ITA"]
[Date "2009.10.03"]
[Round "3"]
[White "Bisignano, Giuseppe"]
[Black "Bisignano, Riccardo"]
[Result "1/2-1/2"]
[WhiteElo "1939"]
[BlackElo "1908"]
[PlyCount "44"]
[EventDate "2009.10.02"]

1. e4 e5 2. Nf3 Nf6 3. Nxe5 d6 4. Nf3 Nxe4 5. d4 d5 6. h3 Be7 7. Nc3 Nxc3 8.
bxc3 O-O 9. Bd3 h6 10. O-O Nd7 11. Bf4 Nf6 12. Re1 Re8 13. Qd2 Bf8 14. Rxe8
Qxe8 15. Re1 Be6 16. Be5 Qd7 17. Bxf6 gxf6 18. Qf4 Bg7 19. Nh4 Re8 20. Nf5 Bxf5
21. Rxe8+ Qxe8 22. Qxf5 c6 1/2-1/2

[Event "XLI Corsicoscacchi B"]
[Site "Corsico ITA"]
[Date "2009.10.03"]
[Round "3"]
[White "Brociner, Beniamino"]
[Black "Pasquotto, Mirko"]
[Result "1-0"]
[WhiteElo "1725"]
[BlackElo "1933"]
[PlyCount "89"]
[EventDate "2009.10.02"]

1. e4 c5 2. Nc3 d6 3. g3 Nf6 4. Bg2 Nc6 5. d3 e6 6. Nge2 Be7 7. O-O O-O 8. f4
a6 9. f5 d5 10. fxe6 Bxe6 11. Nf4 Bg4 12. Qe1 Nd4 13. Qf2 dxe4 14. Nxe4 Ne6 15.
Nxf6+ Bxf6 16. c3 Nxf4 17. Bxf4 Qxd3 18. Qxc5 Rac8 19. Qb4 Rfe8 20. Qxb7 Re7
21. Qd5 Qc2 22. Qb3 Re2 23. Qxc2 Rxc2 24. Rf2 Rxf2 25. Kxf2 g5 26. Be3 Rb8 27.
b3 Bxc3 28. Rc1 Ba5 29. Bxg5 Re8 30. Bf3 Bb6+ 31. Kg2 h5 32. h3 Bxf3+ 33. Kxf3
f6 34. Bf4 Kf7 35. Rc6 Re6 36. Rxe6 Kxe6 37. Be3 Bc7 38. g4 hxg4+ 39. hxg4 Be5
40. Ke4 Bd6 41. Kd4 f5 42. gxf5+ Kxf5 43. Kd5 Ba3 44. Bc5 Bb2 45. Kc6 1-0

[Event "XLI Corsicoscacchi B"]
[Site "Corsico ITA"]
[Date "2009.10.03"]
[Round "3"]
[White "Cerioni, Armando"]
[Black "Reale, Simone"]
[Result "1-0"]
[WhiteElo "1987"]
[BlackElo "1872"]
[PlyCount "85"]
[EventDate "2009.10.02"]

1. d4 Nf6 2. c4 g6 3. Nc3 d5 4. cxd5 Nxd5 5. e4 Nxc3 6. bxc3 Bg7 7. Nf3 c5 8.
Rb1 Nc6 9. d5 Ne5 10. Nxe5 Bxe5 11. Bb5+ Bd7 12. Qa4 Bxc3+ 13. Ke2 b6 14. Bc6
Bxc6 15. Qxc6+ Kf8 16. Qb5 Qd6 17. Rb3 Qe5 18. Rxc3 Qxc3 19. Bb2 Qc2+ 20. Ke3
f5 21. Bxh8 Qxe4+ 22. Kd2 Rd8 23. Kc1 Qf4+ 24. Kb1 Rxd5 25. Qb2 e5 26. Re1 Rd2
27. Qxe5 Qxe5 28. Bxe5 Rxf2 29. Bd6+ Kf7 30. Re7+ Kf6 31. Rxh7 Rxg2 32. h4 Rd2
33. Bf4 Rd4 34. Bg5+ Ke5 35. Rxa7 Ke4 36. Re7+ Kd3 37. Re3+ Kc4 38. Re6 b5 39.
Rxg6 Kd3 40. Rf6 Kc3 41. Rxf5 Rb4+ 42. Kc1 c4 43. Bd2+ 1-0

[Event "XLI Corsicoscacchi B"]
[Site "Corsico ITA"]
[Date "2009.10.03"]
[Round "3"]
[White "Clerici, Samuele"]
[Black "Fiori, Mauro"]
[Result "1/2-1/2"]
[WhiteElo "1776"]
[BlackElo "1805"]
[PlyCount "25"]
[EventDate "2009.10.02"]

1. e4 c5 2. f4 d6 3. Nf3 Nf6 4. Nc3 e6 5. d4 cxd4 6. Nxd4 Nc6 7. Bb5 Bd7 8.
Nxc6 bxc6 9. Be2 Qb6 10. Qd3 Be7 11. Qe3 c5 12. O-O O-O 13. Bf3 1/2-1/2

[Event "XLI Corsicoscacchi B"]
[Site "Corsico ITA"]
[Date "2009.10.03"]
[Round "3"]
[White "D'Apa, Massimo"]
[Black "Priori, Luigi"]
[Result "1-0"]
[WhiteElo "1688"]
[BlackElo "1798"]
[PlyCount "47"]
[EventDate "2009.10.02"]

1. e4 e6 2. d4 d5 3. Nc3 Nf6 4. e5 Nfd7 5. f4 c5 6. Nf3 Nc6 7. Be2 Qb6 8. Be3
Qxb2 9. Nb5 Kd8 10. Ng5 Ke7 11. O-O c4 12. Nd6 f6 13. Ngf7 Rg8 14. Bg4 Nb6 15.
f5 exf5 16. Bxf5 Bxf5 17. Rxf5 Nd8 18. exf6+ gxf6 19. Qe1 Qxc2 20. Rf2 Qg6 21.
Bg5+ Kd7 22. Qe8+ Kc7 23. Nb5+ Kc8 24. Qxd8# 1-0

[Event "XLI Corsicoscacchi B"]
[Site "Corsico ITA"]
[Date "2009.10.03"]
[Round "3"]
[White "D'Urbino, Ilan"]
[Black "Bernasconi, Roberto"]
[Result "0-1"]
[WhiteElo "1679"]
[BlackElo "1928"]
[PlyCount "88"]
[EventDate "2009.10.02"]

1. e4 e5 2. f4 exf4 3. Bc4 Nf6 4. Nc3 d6 5. d4 Be7 6. Bxf4 c6 7. Bb3 O-O 8. Nf3
b5 9. a3 Bb7 10. O-O Nbd7 11. Qe2 a6 12. Rae1 Qb6 13. Nd1 Rae8 14. c3 c5 15. d5
Bd8 16. Bc2 Bxd5 17. Nf2 Bc4 18. Qd1 Ne5 19. Nd3 Nxd3 20. Bxd3 Bxd3 21. Qxd3
Be7 22. Kh1 Rd8 23. Qc2 Qc6 24. Nh4 Rd7 25. Nf5 Re8 26. Bg5 Bd8 27. Rf4 Re6 28.
Rh4 d5 29. Rd1 dxe4 30. Re1 Qd5 31. Bxf6 Bxf6 32. Rh5 Qd2 33. Qxd2 Rxd2 34. Ne3
c4 35. Rc5 g6 36. Rd1 Rxd1+ 37. Nxd1 e3 38. Nxe3 Rxe3 39. Kg1 Re2 40. Rc6 Kg7
41. Rxa6 Rxb2 42. a4 Bxc3 43. Rc6 Bd4+ 44. Kf1 c3 0-1

[Event "XLI Corsicoscacchi B"]
[Site "Corsico ITA"]
[Date "2009.10.03"]
[Round "3"]
[White "Gobbo, Francesco"]
[Black "Corti, Filippo"]
[Result "1/2-1/2"]
[WhiteElo "1923"]
[BlackElo "1708"]
[PlyCount "92"]
[EventDate "2009.10.02"]

1. d4 Nf6 2. c4 g6 3. Nc3 Bg7 4. e4 d6 5. Nf3 O-O 6. Be2 Nbd7 7. Be3 e5 8. d5
Ng4 9. Bg5 f6 10. Bh4 a5 11. O-O Nc5 12. Nd2 Nh6 13. f3 Qe8 14. b3 f5 15. a3
fxe4 16. fxe4 Bd7 17. Rxf8+ Qxf8 18. b4 axb4 19. axb4 Rxa1 20. Qxa1 Na6 21. Qb2
Bg4 22. Bf1 Qf4 23. Bg3 Qg5 24. Nb5 Bc8 25. Kh1 Ng4 26. Nf3 Qe3 27. Nc3 Qb6 28.
h3 Nf6 29. b5 Nc5 30. Bf2 Qa7 31. Qc2 b6 32. Nd2 Bh6 33. Nb3 Nxb3 34. Qxb3 Qa1
35. Kg1 Nh5 36. Ne2 Nf4 37. Ng3 g5 38. Qf3 Bd7 39. Kh2 Be8 40. Be3 Bg7 41. Be2
Qc3 42. Bxf4 Qxf3 43. Bxf3 exf4 44. Nf5 Bd7 45. Ne7+ Kf7 46. Nc6 Bxc6 1/2-1/2

[Event "XLI Corsicoscacchi B"]
[Site "Corsico ITA"]
[Date "2009.10.03"]
[Round "3"]
[White "Lancianese, Giuseppe"]
[Black "Guzzetti, Luigi Enrico"]
[Result "1/2-1/2"]
[WhiteElo "1782"]
[BlackElo "1863"]
[PlyCount "46"]
[EventDate "2009.10.02"]

1. d4 Nf6 2. Nf3 g6 3. c4 Bg7 4. Nc3 d6 5. e4 O-O 6. Be2 c5 7. O-O cxd4 8. Nxd4
Nc6 9. Nxc6 bxc6 10. Qc2 Bd7 11. Bf3 Rb8 12. Rb1 Ng4 13. b3 Qa5 14. Bb2 Ne5 15.
Be2 f5 16. f4 Ng4 17. Bxg4 fxg4 18. Na4 Bxb2 19. Rxb2 Qh5 20. Qd3 c5 21. Nc3
Qh6 22. Rbf2 Bc6 23. Nd5 Qg7 1/2-1/2

[Event "XLI Corsicoscacchi B"]
[Site "Corsico ITA"]
[Date "2009.10.03"]
[Round "3"]
[White "Napoli, Ferdinando"]
[Black "Gonella, Daniele"]
[Result "0-1"]
[WhiteElo "1744"]
[BlackElo "1827"]
[PlyCount "88"]
[EventDate "2009.10.02"]

1. Nf3 Nf6 2. b3 d5 3. Bb2 Nc6 4. e3 Bf5 5. Bb5 a6 6. Bxc6+ bxc6 7. Ne5 c5 8.
d3 e6 9. Nd2 Bd6 10. O-O O-O 11. h3 Nd7 12. Nc6 Qe8 13. e4 dxe4 14. dxe4 Bg6
15. e5 Be7 16. Nxe7+ Qxe7 17. Qe2 Bxc2 18. Rac1 Bf5 19. Ba3 Qg5 20. Nf3 Qg6 21.
Nh4 Qg5 22. Nxf5 Qxf5 23. Bxc5 Rfd8 24. Ba3 Qxe5 25. Qxe5 Nxe5 26. Rxc7 Rd2 27.
Rfc1 h6 28. R1c2 Rad8 29. Bb2 Rd1+ 30. Kh2 Nd3 31. Ra7 e5 32. f3 Ne1 33. Rc1
Rxc1 34. Bxc1 f5 35. Rxa6 Rd1 36. Rc6 Nd3 37. Rd6 e4 38. fxe4 fxe4 39. Be3 Re1
40. Bd4 Re2 41. Rg6 Ne1 42. Rxg7+ Kf8 43. Rg4 Nf3+ 44. Kg3 Nxd4 0-1

[Event "XLI Corsicoscacchi B"]
[Site "Corsico ITA"]
[Date "2009.10.03"]
[Round "3"]
[White "Nardone, Massimo"]
[Black "Cardani, Roberto"]
[Result "1-0"]
[WhiteElo "1932"]
[BlackElo "1943"]
[PlyCount "87"]
[EventDate "2009.10.02"]

1. d4 Nf6 2. Nf3 g6 3. Nbd2 d5 4. e3 Bg7 5. Be2 O-O 6. O-O Nbd7 7. c4 dxc4 8.
Bxc4 c5 9. b3 cxd4 10. Nxd4 a6 11. Bb2 e5 12. N4f3 b5 13. Be2 e4 14. Nd4 Bb7
15. Rc1 Rc8 16. Rxc8 Qxc8 17. Bg4 Nxg4 18. Qxg4 Ne5 19. Qd1 Nd3 20. Ba1 f5 21.
f3 exf3 22. N2xf3 Nc5 23. Ne2 Qe6 24. Bd4 Rd8 25. Nf4 Qc6 26. Qc2 Bxd4 27. exd4
Ne4 28. Qxc6 Bxc6 29. Rc1 Bb7 30. Ne6 Rc8 31. Rxc8+ Bxc8 32. Nc5 Nc3 33. a4 h6
34. Kf2 Ne4+ 35. Ke3 Nf6 36. Ne5 Ng4+ 37. Nxg4 fxg4 38. Kf4 Kf7 39. Ke5 Ke7 40.
axb5 axb5 41. d5 Bf5 42. g3 b4 43. d6+ Kd8 44. Kd4 1-0

[Event "XLI Corsicoscacchi B"]
[Site "Corsico ITA"]
[Date "2009.10.04"]
[Round "4"]
[White "Bernasconi, Roberto"]
[Black "Nardone, Massimo"]
[Result "1/2-1/2"]
[WhiteElo "1928"]
[BlackElo "1932"]
[PlyCount "34"]
[EventDate "2009.10.02"]

1. e4 d5 2. exd5 Qxd5 3. Nc3 Qa5 4. d4 Nf6 5. Nf3 c6 6. Bd2 Bf5 7. Bc4 e6 8.
Qe2 Bb4 9. O-O-O Nbd7 10. Rhe1 O-O-O 11. Ne5 Nxe5 12. Qxe5 Qxe5 13. dxe5 Nd5
14. Ne4 Bxe4 15. Rxe4 Bxd2+ 16. Rxd2 Nb6 17. f4 Nxc4 1/2-1/2

[Event "XLI Corsicoscacchi B"]
[Site "Corsico ITA"]
[Date "2009.10.04"]
[Round "4"]
[White "Cardani, Roberto"]
[Black "D'Apa, Massimo"]
[Result "1-0"]
[WhiteElo "1943"]
[BlackElo "1688"]
[PlyCount "71"]
[EventDate "2009.10.02"]

1. e4 c5 2. Nf3 d6 3. d4 cxd4 4. Nxd4 Nc6 5. Nc3 Nf6 6. Bg5 Bd7 7. Qd2 Qb6 8.
Nb3 a6 9. O-O-O Rc8 10. Be3 Qc7 11. f4 b5 12. Kb1 Be6 13. Bd3 Bxb3 14. cxb3 e6
15. h3 Be7 16. g4 Nb4 17. Nxb5 Qa5 18. Nc3 O-O 19. a3 Nxd3 20. Qxd3 Rb8 21. b4
Qc7 22. Qxa6 Ra8 23. Qd3 Qb7 24. g5 Nh5 25. Rhg1 Rfd8 26. f5 Kh8 27. g6 fxg6
28. fxg6 Nf6 29. gxh7 d5 30. e5 Ne4 31. Nxe4 dxe4 32. Qb3 Rdc8 33. Rxg7 Kxg7
34. Qxe6 Ra6 35. Rg1+ Kxh7 36. Qf7+ 1-0